| 000 | 01309pam a2200385 a 4500 | ||
|---|---|---|---|
| 001 | 3470130 | ||
| 003 | OSt | ||
| 005 | 20140310184429.0 | ||
| 008 | 930928s1994 nyua j 000 1 eng | ||
| 010 | _a 93033646 | ||
| 020 |
_a0805024166 (acidfree paper) : _c$14.95 ($20. 95 Can.) |
||
| 040 |
_aDLC _cDLC _dDLC |
||
| 042 | _alcac | ||
| 050 | 0 | 0 |
_aPZ 7 _b.H4364 1995 |
| 100 | 1 |
_aHesse, Karen. _94785 |
|
| 245 | 1 | 0 |
_aSable / _cKaren Hesse ; illustrated by Marcia Sewall. |
| 250 | _a1st ed. | ||
| 260 |
_aNew York : _bHolt, _c1995. |
||
| 300 |
_a81 p. : _bill. ; _c20 cm. |
||
| 490 | 1 | _aA Redfeather book | |
| 521 | _aG4 | ||
| 526 | _c690 | ||
| 650 | 1 |
_aDogs _xFiction. _926987 |
|
| 650 | 1 |
_aFathers and daughters _xFiction. _926988 |
|
| 650 | 1 |
_aCarpentry _xFiction. _926989 |
|
| 700 | 1 |
_aSewall, Marcia, _eill. _926990 |
|
| 830 | 0 |
_aRedfeather books. _926991 |
|
| 856 | 4 | 2 |
_3Contributor biographical information _uhttp://www.loc.gov/catdir/bios/hol056/93033646.html |
| 856 | 4 | 2 |
_3Publisher description _uhttp://www.loc.gov/catdir/description/hol054/93033646.html |
| 906 |
_a7 _bcbc _corignew _d1 _eocip _f19 _gy-gencatlg |
||
| 942 |
_2lcc _cBK-SCHOLAS |
||
| 999 |
_c34327 _d34327 |
||